00889nam a2200193Ia 4500008004100000020001500041050002400056082002200080110004500102245011000147260006600257300001800323490004900341500006000390504003900450505014900489650002300638650003400661120721s2006 mx 000 0 spa d a9707126396 aHM821.M4 bE68 2006 a320.472bP752 v.3 aMéxico. Poder Judicial de Federación13aLa equidad de genero en el Poder Judicial de la Federaciónc / Suprema Corte de Justicia de la Nación aMéxicob : Suprema Corte de Justicia de la Naciónc, 2006 a127 páginas aSerie el Poder Judicial Contemporáneov; 3 aIncluye Normativa Nacional e Internacional (pp.125-127) aBibliohemerografía (pp. 115-124) aLa igualdad El género La equidad de género La equidad de género enn México Equidad de género en el poder judicial de la federación 10aIGUALDADzMÉXICO20aEQUIDAD DE GÉNEROzMÉXICO